zpět

Detail výsledku týmu

Suzie's, Brno

Datum a čas kvízu

30 Celkem bodů Celkový počet nahraných bodů na tomto kvízu bez doplňovacích otázek.
3. Pořadí na kvízu Konečné umístění týmu na tomto kvízu.

Zaznamenané odpovědi

# Otázka Odpověď Body Výsledky
1. Který 63letý muž se ve čtvrtek... Jiří Kajínek 1
2. Vědci představili revoluční zp... hlavy 1
3. V minulém týdnu česká média in... Jeremy Clarkson 1
4. V pondělí se podíval do vesmír... nejstarší člověk ve vesmíru 0
5. „Bohužel nemám dobré zprávy. K... Patrik Kincl 0
6. Středověk bývá obvykle ohranič... D 0
7. Jak se jmenoval významný střed... Magna Carta (Magna charta libertatum) 0
8. Kdo byl zakladatelem a prvním... Bořivoj 1
9. Vytvořte z těchto středověkých... 1A 2B 3C 4D 0
10. Závěrem tématu se podíváme na... tulipán 1